Entre la vie et la mort

Salvato in:
Dettagli Bibliografici
Autore principale: Sarraute, Nathalie
Natura: Libro
Lingua:Undetermined
Pubblicazione: París, Francia Gallimard 1968
Soggetti:
Tags: Aggiungi Tag
Nessun Tag, puoi essere il primo ad aggiungerne!!

MARC

LEADER 00000nam a2200000Ia 4500
008 170316s9999 xx 000 0 und d
040 |a cru BVZT 
090 |a 840 S-9e 
100 |a Sarraute, Nathalie 
245 |a Entre la vie et la mort 
260 |a París, Francia 
260 |b Gallimard 
260 |c 1968 
300 |a 253 páginas 
650 |a LITERATURA FRANCESA 
999 |c 8022  |d 8022 
942 |c 15 D  |h 840 S-9e  |2 z